000
00294pab a2200121 454500
008
180718b xxu||||| |||| 00| 0 eng d
100
_a
Das, S.K.
245
_a
Bureaucracy: how to sharpen the tool
650
_a
Bureaucracy
650
_a
Civil Service
773
_a
Economic Times
909
_a
23355
999
_c
23355
_d
23355